000 00434nam a2200157 i 4500
001 96897
003 ES-MaACL
005 20230906182009.0
007 t|
008 050704s1909 fr ||||1| fre d
100 1 _aManquant, A.
_976084
245 1 0 _aPrincipes de Thérapeutiques raisonnée et pratique /
_cpar A. Manquant.
260 _aParis :
_bA. Maloine,
_c1909.
300 _aIV, 368 p. ;
_c22 cm.
852 _aES-MaACL
_jB-11222
999 _c96897
_d96897